Amerika Syarikat (industri kereta dan komputer)

Bibliographic Details
Main Author: Muhd. Fahmi Ishak
Format: Book
Published: Cheras, Selangor : Arena Educational Supply , 2020
Series:Evolusi negara kuasa industri dunia
Subjects:

MARC

LEADER 00000cam a2200000 7i4500
001 0000278367
005 20201001154919.0
020 |a 9789672053934 
090 0 0 |a 909.81   |b MUH 
100 0 |a Muhd. Fahmi Ishak 
245 1 0 |a Amerika Syarikat (industri kereta dan komputer)   |c Muhd Fahmi Ishak 
260 |a Cheras, Selangor :   |b Arena Educational Supply ,   |c 2020 
300 |a 48p. ;   |c 29cm. 
490 0 |a Evolusi negara kuasa industri dunia 
650 0 |a Automotive industries 
650 0 |a Computer industry 
650 0 |a Industrial revolution 
651 0 |a United States   |x History 
999 |a 00377365   |b BUKU   |c JUNIOR BOOKS   |e PERPUSTAKAAN KOMUNITI PETALING JAYA